| 000 | 00607nam a2200169 a 4500 | ||
|---|---|---|---|
| 008 | 120416s1999 ||||||||||||||||| || u | ||
| 020 | _a052163976x | ||
| 050 | _aQC 173.6 Lud | ||
| 100 | _aLudvigsen, Malcolm | ||
| 245 | 1 | 0 | _aGeneral relativity: a geometric approach |
| 260 |
_aCambridge: _bCambridge University Press _c1999 |
||
| 350 | _a0.00 | ||
| 650 | _aSPACE AND TIME | ||
| 650 | _aGENERAL RELATIVITY (PHYSICS) | ||
| 650 | _aGEOMETRODYNAMICS | ||
| 995 |
_D0.00 _FCBU-MAIN LIBRARY (Kitwe) _H1 _I7.00 _UAVAILABLE _ZMain Library Open Access Collection |
||
| 999 |
_c44416 _d44416 |
||